[Event "Cztery pory roku w KKSz -  Jesien turnie"]
[Site "KKSz Krakow"]
[Date "2011.??.??"]
[Round "3.5"]
[White "Celmer, Jan"]
[Black "Wozny, Tomasz"]
[Result "0-1"]
[WhiteElo "1884"]
[BlackElo "1732"]
[PlyCount "86"]
[EventDate "2011.??.??"]

1. e4 d5 2. exd5 Qxd5 3. Nc3 Qa5 4. Nf3 Bf5 5. d4 c6 6. Bc4 Nf6 7. O-O Nbd7 8.
Re1 e6 9. Ne5 Nxe5 10. Rxe5 Qb4 11. Qe2 O-O-O 12. a3 Qb6 13. Be3 Bd6 14. Na4
Qc7 15. Bf4 Bxe5 16. Bxe5 Qe7 17. Nc5 Nd7 18. Nxd7 Rxd7 19. c3 h5 20. b4 f6 21.
Bf4 g5 22. Be3 e5 23. b5 cxb5 24. Bxb5 Rc7 25. dxe5 Qxe5 26. Bxa7 Qxe2 27. Bxe2
Rxc3 28. Bd4 Rc6 29. Bf3 Rd6 30. Bc5 Rd7 31. Re1 Bg4 32. h3 Bxf3 33. gxf3 f5
34. Re5 Rf7 35. h4 gxh4 36. Kh2 Kd7 37. Bd4 Ra8 38. Rd5+ Kc6 39. Rc5+ Kd6 40.
Rc2 Kd5 41. Bb2 Ra4 42. Rc3 Rc4 43. Re3 Rc2 0-1

[Event "Cztery pory roku w KKSz -  Jesien turnie"]
[Site "KKSz Krakow"]
[Date "2011.??.??"]
[Round "3.6"]
[White "Polek, Marek"]
[Black "Wilk, Maciej"]
[Result "1/2-1/2"]
[WhiteElo "1746"]
[BlackElo "1616"]
[PlyCount "107"]
[EventDate "2011.??.??"]

1. e4 c5 2. Nf3 e6 3. d4 cxd4 4. Nxd4 a6 5. c4 Nf6 6. Nc3 Bb4 7. f3 Bxc3+ 8.
bxc3 d6 9. Be2 Nbd7 10. O-O Qc7 11. Be3 Nc5 12. Kh1 O-O 13. Qc2 b6 14. Bg5 Nfd7
15. f4 Bb7 16. Bf3 Rfe8 17. Rad1 f6 18. Bh4 Rad8 19. Bg3 Kh8 20. Rfe1 Ba8 21.
Re3 e5 22. Nf5 exf4 23. Bxf4 Ne5 24. Bxe5 dxe5 25. Ree1 Rxd1 26. Rxd1 Rd8 27.
Rxd8+ Qxd8 28. Ne3 Qd3 29. Qxd3 Nxd3 30. Nd5 Bxd5 31. cxd5 Kg8 32. Kg1 b5 33.
Kf1 Nc1 34. Ke1 Nxa2 35. Kd2 b4 36. cxb4 Nxb4 37. Kc3 a5 38. Kc4 Kf8 39. Kb5
Ke7 40. Kxa5 Nd3 41. Kb6 Kd6 42. Kb7 Ne1 43. Kc8 Nxf3 44. gxf3 f5 45. exf5 Kxd5
46. Kd7 e4 47. fxe4+ Kxe4 48. Ke6 h5 49. f6 gxf6 50. Kxf6 Kf4 51. Kg6 Kg4 52.
h3+ Kh4 53. Kh6 Kxh3 54. Kxh5 1/2-1/2

[Event "Cztery pory roku w KKSz -  Jesien turnie"]
[Site "KKSz Krakow"]
[Date "2011.??.??"]
[Round "3.7"]
[White "Peronczyk, Karol"]
[Black "Kreft, Wojciech"]
[Result "1-0"]
[WhiteElo "1679"]
[BlackElo "1557"]
[PlyCount "83"]
[EventDate "2011.??.??"]

1. e4 e5 2. Nf3 Nf6 3. Nxe5 d6 4. Nf3 Nxe4 5. d4 Be7 6. Bd3 Nf6 7. O-O O-O 8.
c4 Bg4 9. h3 Bh5 10. Re1 Nbd7 11. Nc3 Re8 12. Ne4 Nxe4 13. Bxe4 c6 14. Bxh7+
Kxh7 15. Ng5+ Bxg5 16. Qxh5+ Bh6 17. Bxh6 Nf6 18. Rxe8 Nxh5 19. Rxd8 Rxd8 20.
Bg5 f6 21. Be3 g6 22. Rd1 g5 23. d5 c5 24. Bd2 Rd7 25. g4 Ng7 26. Bc3 Kg6 27.
Re1 Rd8 28. Kg2 Rd7 29. Kg3 Rc7 30. f4 Kf7 31. fxg5 fxg5 32. Bxg7 Kxg7 33. Re6
Rd7 34. h4 a6 35. hxg5 b5 36. b3 b4 37. Kf4 a5 38. g6 Kf8 39. Kf5 a4 40. Kf6
axb3 41. axb3 Kg8 42. Re8# 1-0

[Event "Cztery pory roku w KKSz -  Jesien turnie"]
[Site "KKSz Krakow"]
[Date "2011.??.??"]
[Round "3.8"]
[White "Czarkowski, Tomasz"]
[Black "Kyc, Jerzy"]
[Result "0-1"]
[WhiteElo "1556"]
[BlackElo "1667"]
[PlyCount "52"]
[EventDate "2011.??.??"]

1. d4 Nf6 2. c4 g6 3. Nc3 d5 4. Nf3 Bg7 5. Bg5 c6 6. e3 O-O 7. Qb3 e6 8. Ne5
Nbd7 9. g3 h6 10. Nxd7 Qxd7 11. Bxf6 Bxf6 12. Bg2 b6 13. O-O Ba6 14. Rfc1 Bxc4
15. Qd1 Ba6 16. a4 c5 17. e4 cxd4 18. exd5 dxc3 19. dxe6 Qxd1+ 20. Rxd1 cxb2
21. Rab1 Rad8 22. exf7+ Kxf7 23. Be4 Rxd1+ 24. Rxd1 Rd8 25. Re1 Bd3 26. Bxd3
Rxd3 0-1

[Event "Cztery pory roku w KKSz -  Jesien turnie"]
[Site "KKSz Krakow"]
[Date "2011.??.??"]
[Round "3.11"]
[White "Jedrocha, Katarzyna"]
[Black "Stebel, Agata"]
[Result "1/2-1/2"]
[WhiteElo "1578"]
[BlackElo "1544"]
[PlyCount "92"]
[EventDate "2011.??.??"]

1. e4 e5 2. Nf3 Nf6 3. Nxe5 d6 4. Nf3 Nxe4 5. Nc3 Nxc3 6. dxc3 Be7 7. Bc4 O-O
8. Be3 Nd7 9. O-O Nc5 10. Re1 Be6 11. Bxe6 Nxe6 12. Nd4 Nc5 13. Qg4 Kh8 14.
Rad1 Bf6 15. Nf5 Re8 16. Bd4 Ne6 17. Bxf6 Qxf6 18. Re3 Qg6 19. Qxg6 hxg6 20.
Rh3+ Kg8 21. Ne3 f6 22. Kf1 Kf7 23. Nd5 c6 24. Nb4 d5 25. Re3 Re7 26. Nd3 Rae8
27. Rde1 Ng5 28. Rxe7+ Rxe7 29. Rxe7+ Kxe7 30. Ke2 Ne4 31. Ke3 Kd6 32. Nf4 g5
33. Nd3 g6 34. c4 Nc5 35. Nxc5 Kxc5 36. cxd5 Kxd5 37. Kd3 Ke5 38. Kc4 Kd6 39.
a4 b6 40. b4 a6 41. a5 bxa5 42. bxa5 c5 43. g4 Kc6 44. h3 Kd6 45. Kd3 Ke5 46.
Kc4 Kd6 1/2-1/2

[Event "Cztery pory roku w KKSz -  Jesien turnie"]
[Site "KKSz Krakow"]
[Date "2011.??.??"]
[Round "3.12"]
[White "Debowska, Michalina"]
[Black "Tikhonov, Valeri"]
[Result "0-1"]
[WhiteElo "1519"]
[BlackElo "1758"]
[PlyCount "110"]
[EventDate "2011.??.??"]

1. e4 e5 2. Nf3 Nf6 3. Nc3 Bb4 4. d3 d5 5. Bg5 d4 6. a3 Bd6 7. Nd5 Nbd7 8. Be2
c6 9. Nxf6+ Nxf6 10. O-O Bg4 11. h3 Bh5 12. Qd2 h6 13. Bh4 Qd7 14. b4 Qe6 15.
Nh2 Bxe2 16. Qxe2 g5 17. Bg3 h5 18. f3 O-O-O 19. Qd2 Rdg8 20. c3 g4 21. fxg4
hxg4 22. h4 Nh5 23. Be1 Nf4 24. g3 Nh5 25. c4 Rh6 26. Qe2 Be7 27. Rb1 Nxg3 28.
Bxg3 Bxh4 29. Bxh4 Rxh4 30. Rf5 Rgh8 31. Rb2 Qh6 32. Rf2 g3 33. Rg2 Qc1+ 34.
Qf1 gxh2+ 35. Rxh2 Qxf1+ 36. Kxf1 Rxh2 37. Rb3 Ra2 38. Kg1 Rhh2 39. Rb1 Rhd2
40. b5 Rxd3 41. bxc6 bxc6 42. a4 Rda3 43. a5 Ra1 44. Rxa1 Rxa1+ 45. Kf2 Ra3 46.
a6 Re3 47. c5 Rxe4 48. Kf3 Rf4+ 49. Ke2 e4 50. Ke1 Rf3 51. Ke2 f5 52. Ke1 f4
53. Ke2 d3+ 54. Ke1 e3 55. Kd1 Rf1# 0-1

[Event "Cztery pory roku w KKSz -  Jesien turnie"]
[Site "KKSz Krakow"]
[Date "2011.??.??"]
[Round "3.13"]
[White "Olkuski, Tadeusz"]
[Black "Golda, Sebastian"]
[Result "1/2-1/2"]
[WhiteElo "1620"]
[BlackElo "1510"]
[PlyCount "60"]
[EventDate "2011.??.??"]

1. e4 e5 2. Nf3 Nc6 3. Bb5 Bc5 4. c3 a6 5. Ba4 d6 6. d4 exd4 7. cxd4 Bb4+ 8.
Bd2 Bxd2+ 9. Qxd2 Bd7 10. d5 Nce7 11. Bxd7+ Qxd7 12. O-O Nf6 13. Nc3 O-O 14. h3
Ng6 15. Rfe1 Rfe8 16. Qc2 Nh5 17. Ne2 Rac8 18. Rad1 Re7 19. Nfd4 Rce8 20. f3
Nh4 21. Qd2 Re5 22. Nf4 Rg5 23. g4 Nxf4 24. Qxf4 Rge5 25. Qg3 Ng6 26. h4 Nf8
27. Qf2 h5 28. g5 Qd8 29. Qg3 Ng6 30. Kh2 Qd7 1/2-1/2

[Event "Cztery pory roku w KKSz -  Jesien turnie"]
[Site "KKSz Krakow"]
[Date "2011.??.??"]
[Round "4.1"]
[White "Zajac, Mateusz"]
[Black "Bukojemski, Adam"]
[Result "0-1"]
[WhiteElo "1908"]
[BlackElo "2191"]
[PlyCount "104"]
[EventDate "2011.??.??"]

1. d4 Nf6 2. c4 g6 3. Nc3 Bg7 4. e4 d6 5. Nf3 O-O 6. Be2 e5 7. O-O Qe8 8. Re1
exd4 9. Qxd4 Nc6 10. Qd3 Bg4 11. Be3 Nd7 12. Qd2 Nc5 13. Bxc5 dxc5 14. Qg5 Bxf3
15. Bxf3 Qe5 16. Qe3 Nd4 17. Rac1 Bf6 18. Qd3 Rad8 19. Rcd1 c6 20. g3 Nb5 21.
Qc2 Nxc3 22. bxc3 Qxc3 23. Qxc3 Bxc3 24. Rxd8 Rxd8 25. Rd1 Rxd1+ 26. Bxd1 Kf8
27. Kf1 Ke7 28. Ke2 Kd6 29. f4 Bd4 30. Bb3 Kc7 31. h3 Kb6 32. Kd3 Ka5 33. Bd1
Kb4 34. a4 Bf2 35. g4 Bg3 36. f5 g5 37. Bc2 a6 38. Bd1 Be5 39. Bc2 f6 40. Bd1
Ka3 41. Kd2 Kb2 42. Be2 Kb3 43. a5 Kb4 44. Kc2 Kxa5 45. Kb3 b5 46. Bd1 Kb6 47.
Be2 a5 48. Ka3 a4 49. Bd3 Ka5 50. Be2 b4+ 51. Ka2 b3+ 52. Ka3 Bf4 0-1

[Event "Cztery pory roku w KKSz -  Jesien turnie"]
[Site "KKSz Krakow"]
[Date "2011.??.??"]
[Round "4.4"]
[White "Bus, Konrad"]
[Black "Deka, Konrad"]
[Result "1/2-1/2"]
[WhiteElo "1889"]
[BlackElo "1633"]
[PlyCount "60"]
[EventDate "2011.??.??"]

1. d4 Nf6 2. Nf3 d5 3. c4 e6 4. Nc3 c6 5. cxd5 cxd5 6. Bf4 Bd6 7. Bxd6 Qxd6 8.
e3 Nc6 9. Bd3 O-O 10. O-O Bd7 11. a3 Na5 12. b4 Rfc8 13. Rc1 Nc4 14. Bxc4 Rxc4
15. Ne5 Rc7 16. Qb3 Rac8 17. Rc2 Ne8 18. Rfc1 f6 19. Nxd7 Qxd7 20. Na4 b6 21.
Rxc7 Rxc7 22. Rxc7 Qxc7 23. Qc3 Qxc3 24. Nxc3 Nd6 25. Kf1 Kf7 26. Ke2 Ke7 27.
Kd3 Kd7 28. f3 Kc6 29. a4 a6 30. e4 Nc4 1/2-1/2

[Event "Cztery pory roku w KKSz -  Jesien turnie"]
[Site "KKSz Krakow"]
[Date "2011.??.??"]
[Round "4.6"]
[White "Lewczuk, Antoni"]
[Black "Krzeminski, Sebastian"]
[Result "0-1"]
[WhiteElo "1628"]
[BlackElo "1662"]
[PlyCount "104"]
[EventDate "2011.??.??"]

1. c4 c6 2. b3 d5 3. Bb2 Bg4 4. g3 Nd7 5. Bg2 Ngf6 6. Nc3 d4 7. Ne4 e5 8. d3
Nxe4 9. Bxe4 Bb4+ 10. Kf1 f5 11. Bg2 Nf6 12. a3 Ba5 13. b4 Bc7 14. b5 O-O 15.
bxc6 bxc6 16. Bxc6 Rb8 17. Bc1 e4 18. Bg5 h6 19. Bxf6 Qxf6 20. Bd5+ Kh8 21. f3
Rbe8 22. Kg2 Bh5 23. Nh3 e3 24. Rf1 g5 25. Ng1 Bg6 26. Qa4 Re7 27. Qc6 Qxc6 28.
Bxc6 Re6 29. Bd5 Rb6 30. Rfb1 Rfb8 31. Rxb6 Rxb6 32. h3 Bd6 33. Be6 f4 34. gxf4
Bxf4 35. Bd7 Rb2 36. c5 Bxd3 37. Re1 Bc4 38. h4 d3 39. Kh3 d2 40. Ra1 Bb3 41.
c6 d1=Q 42. Rxd1 Bxd1 43. Kg4 Bxe2 44. Nh3 Ba6 45. hxg5 hxg5 46. Nxg5 Bxg5 47.
Kxg5 e2 48. f4 e1=Q 49. f5 Qg3+ 50. Kf6 Qd6+ 51. Kf7 Rg2 52. Be6 Rg7+ 0-1

[Event "Cztery pory roku w KKSz -  Jesien turnie"]
[Site "KKSz Krakow"]
[Date "2011.??.??"]
[Round "4.7"]
[White "Wilk, Maciej"]
[Black "Stebel, Jacek"]
[Result "0-1"]
[WhiteElo "1616"]
[BlackElo "1834"]
[PlyCount "103"]
[EventDate "2011.??.??"]

1. e4 d6 2. d4 Nf6 3. Nc3 g6 4. Bc4 Bg7 5. Nf3 O-O 6. Bf4 Nxe4 7. Nxe4 d5 8.
Bd3 dxe4 9. Bxe4 c5 10. dxc5 Qa5+ 11. c3 Qxc5 12. O-O Nc6 13. Qd2 Rd8 14. Qc2
Bg4 15. h3 Bxf3 16. Bxf3 Nd4 17. Qe4 Nxf3+ 18. Qxf3 Qb5 19. Rab1 e5 20. Be3 f5
21. Rfd1 e4 22. Rxd8+ Rxd8 23. Qf4 Be5 24. Qg5 Rd7 25. g3 Bxc3 26. Rc1 Qxb2 27.
h4 Bg7 28. h5 Qf6 29. Qf4 Qe5 30. Qg5 Kf7 31. hxg6+ hxg6 32. Bxa7 Qe7 33. Qe3
Qe6 34. a3 Qd5 35. Kf1 Qd3+ 36. Qxd3 exd3 37. a4 b5 38. axb5 Rxa7 39. b6 Ra8
40. f4 Bd4 41. b7 Rb8 42. Rc4 Bb6 43. Ke1 Rxb7 44. Kd2 Rd7 45. Rc6 Ba5+ 46. Kc1
d2+ 47. Kd1 Re7 48. Rd6 Re1+ 49. Kc2 Rc1+ 50. Kb2 d1=Q 51. g4 Qc2+ 52. Ka3 0-1

[Event "Cztery pory roku w KKSz -  Jesien turnie"]
[Site "KKSz Krakow"]
[Date "2011.??.??"]
[Round "4.8"]
[White "Kreft, Wojciech"]
[Black "Polek, Marek"]
[Result "0-1"]
[WhiteElo "1557"]
[BlackElo "1746"]
[PlyCount "78"]
[EventDate "2011.??.??"]

1. d4 e6 2. e4 c5 3. Nf3 cxd4 4. Nxd4 d6 5. Bb5+ Bd7 6. Qe2 Nc6 7. Nxc6 Bxc6 8.
O-O Nf6 9. e5 dxe5 10. Bxc6+ bxc6 11. Qxe5 Bd6 12. Qg5 O-O 13. Nc3 h6 14. Qh4
Rb8 15. a3 Nd5 16. Qxd8 Rfxd8 17. Ne4 Be5 18. Rd1 Nf6 19. Nxf6+ Bxf6 20. Rxd8+
Rxd8 21. g3 Rd1+ 22. Kg2 e5 23. f4 e4 24. h4 Bd4 25. c3 Be3 26. Bxe3 Rxa1 27.
Bxa7 Ra2 28. Kf2 Rxb2+ 29. Ke3 Rb3 30. g4 Rxc3+ 31. Kxe4 Rxa3 32. Bd4 Ra4 33.
Kd3 f6 34. g5 hxg5 35. fxg5 fxg5 36. hxg5 Rxd4+ 37. Kxd4 Kf7 38. Kc5 Kg6 39.
Kxc6 Kxg5 0-1

[Event "Cztery pory roku w KKSz -  Jesien turnie"]
[Site "KKSz Krakow"]
[Date "2011.??.??"]
[Round "4.9"]
[White "Stebel, Agata"]
[Black "Celmer, Jan"]
[Result "0-1"]
[WhiteElo "1544"]
[BlackElo "1884"]
[PlyCount "128"]
[EventDate "2011.??.??"]

1. e4 c5 2. c3 d5 3. exd5 Qxd5 4. d4 Nc6 5. Nf3 Bg4 6. Be2 e6 7. O-O Nf6 8. Be3
cxd4 9. cxd4 Be7 10. Nc3 Qa5 11. Qb3 Qc7 12. Rac1 O-O 13. Rfd1 Rfd8 14. h3 Bh5
15. Na4 Nd5 16. Nc5 Na5 17. Qb5 Qb6 18. Qxb6 axb6 19. Ne4 Bg6 20. Nc3 Nxc3 21.
Rxc3 Bb4 22. Rc7 Bd6 23. Rc3 Nc6 24. a3 Ne7 25. Ne5 Be4 26. Nc4 Nd5 27. Rcc1
Be7 28. Nd2 Bg6 29. Bf3 Rac8 30. Bxd5 exd5 31. Nf3 Bc2 32. Re1 Bd6 33. Bg5 f6
34. Bh4 Bf4 35. Ra1 Kf7 36. Bg3 Bxg3 37. fxg3 Rc4 38. Rac1 Rdc8 39. Re2 Bd3 40.
Rxc4 dxc4 41. Re1 b5 42. Rc1 Re8 43. Re1 Rxe1+ 44. Nxe1 Ke6 45. Kf2 Kd5 46. Ke3
Be4 47. Nf3 g5 48. Ne1 h5 49. g4 hxg4 50. hxg4 Bg6 51. g3 Be4 52. Nf3 Bxf3 53.
Kxf3 Kxd4 54. Ke2 c3 55. bxc3+ Kxc3 56. Ke3 Kb3 57. Ke4 Kxa3 58. Kf5 b4 59.
Kxf6 b3 60. Kxg5 b2 61. Kh6 b1=Q 62. g5 Qg1 63. g6 Qxg3 64. g7 b5 0-1

[Event "Cztery pory roku w KKSz -  Jesien turnie"]
[Site "KKSz Krakow"]
[Date "2011.??.??"]
[Round "4.12"]
[White "Golda, Sebastian"]
[Black "Czarkowski, Tomasz"]
[Result "0-1"]
[WhiteElo "1510"]
[BlackElo "1556"]
[PlyCount "140"]
[EventDate "2011.??.??"]

1. e4 e5 2. Nf3 Nc6 3. Bc4 Bc5 4. d3 h6 5. c3 Nf6 6. Nbd2 Na5 7. Bb5 c6 8. Ba4
b5 9. Bc2 d5 10. b4 dxe4 11. Nxe4 Nxe4 12. dxe4 Qxd1+ 13. Bxd1 Bb6 14. bxa5
Bxa5 15. Bd2 f6 16. h3 O-O 17. Bb3+ Kh8 18. O-O Ba6 19. Rfe1 Rad8 20. Red1 c5
21. Be1 b4 22. c4 Bb7 23. Bc2 Ba6 24. Nd2 Bb6 25. f3 Rd6 26. Nb3 Rxd1 27. Rxd1
Bxc4 28. Bf2 Rc8 29. Rc1 Bxb3 30. Bxb3 g5 31. Ba4 Rc7 32. g3 a5 33. Kg2 Kg7 34.
Rd1 Ba7 35. Rd7+ Rxd7 36. Bxd7 Kf7 37. Kf1 Ke7 38. Ba4 Kd6 39. Ke2 Kc7 40. Kd3
c4+ 41. Ke2 Bd4 42. Be3 Kd6 43. h4 Kc5 44. hxg5 hxg5 45. f4 gxf4 46. gxf4 Bxe3
47. Kxe3 b3 48. axb3 Kb4 49. f5 cxb3 50. Bxb3 Kxb3 51. Kf3 Kc4 52. Kg4 Kd4 53.
Kh5 Kxe4 54. Kg6 a4 55. Kxf6 a3 56. Ke6 a2 57. f6 a1=Q 58. f7 Qa2+ 59. Kf6
Qxf7+ 60. Kxf7 Kf5 61. Ke7 e4 62. Kd6 e3 63. Kd5 e2 64. Kc6 e1=Q 65. Kb5 Qc3
66. Kb6 Ke6 67. Kb5 Kd6 68. Kb6 Qb4+ 69. Ka6 Kc7 70. Ka7 Qa5# 0-1